| 000 | 00725nam a2200277 a 4500 | ||
|---|---|---|---|
| 003 | AR-BaBNM | ||
| 005 | 20251128202803.0 | ||
| 008 | 082120s2002 ||||||||||||||000 | spa|| | ||
| 040 | _cAR-BaBNM | ||
| 100 | 1 | _aStoll, Christoph | |
| 245 | 0 | 0 |
_aHans Jacob Christoffel von Grimmelshausen _b1676-1976 |
| 260 |
_aBonn _bInter Nationes _c1976 |
||
| 300 |
_a100 p. _bil. |
||
| 500 | _aContiene referencias bibliográficas en p. 91 | ||
| 650 | 4 | _aLITERATURA ALEMANA | |
| 650 | 4 | _aESCRITORES | |
| 650 | 4 | _aBIOGRAFIAS | |
| 650 | 4 | _aOBRAS LITERARIAS | |
| 650 | 4 | _aCRITICA LITERARIA | |
| 650 | 4 | _aNOVELAS | |
| 653 | _aBARROCO | ||
| 655 | _aBIOGRAFIAS | ||
| 700 | 1 |
_aEspert, E. _etraductor |
|
| 942 | _cBK | ||
| 998 | _cMARTIN | ||
| 999 |
_c568 _d568 |
||